| 000 | 00000nam##2200000za#4500 |
| 001 | 9.641927 |
| 003 | CaOODSP |
| 005 | 20210624223442 |
| 007 | cr ||||||||||| |
| 008 | 150407|2013||||xxc|||||o f|0| 0 fre|d |
| 020 | |a978-0-660-20941-8 |
| 040 | |aCaOODSP|bfre |
| 043 | |an-cn--- |
| 086 | 1 |aM134-32/2-2013F-PDF |
| 110 | 1 |aCanada.|bRessources naturelles Canada. |bOffice de l'efficacité énergétique. |
| 245 | 10|aÉtude de cas - Aliments Maple Leaf inc. profite d'avantages à long terme grâce à l'intégration des procédés |h[ressource électronique] |
| 260 | |aOttawa - Ontario : |bRessources naturelles Canada. |cc2014. |
| 300 | |a4p.|bphotographies |
| 590 | |a15-06|b2015-02-06 |
| 691 | 07|aConservation de l'énergie|2gcpds |
| 775 | 08|tCase study - Maple Leaf Foods Inc. reaps long-term benefits from process integration |w(CaOODSP)9.697937 |
| 856 | 40|ahttp://publications.gc.ca|qPDF|s697 Ko|uhttps://publications.gc.ca/collections/collection_2015/rncan-nrcan/M134-32-2-2013-fra.pdf |